000 01421nam0a22002891 4500
001 rc\4429428
005 20130416155317.0
021 _aRU
_b[62-91322]
035 _a(NLR Aleph) 008574656
090 _a8547139
_c8547139
100 _a20130416d1962 |||y0rusy50 ca
101 0 _arus
102 _aRU
105 _ay z |||||
200 1 _aТехнико-экономические показатели работы электростанций энергоуправлений Украинской ССР за 1961 г.
_e[Обзор]
_fГос. ком. Совета Министров УССР по координации науч.-исслед. работ. Укр. совет нар. хозяйства. Гл. энергет. упр.
210 _aКиев
_cИн-т техн. информации
_d1962
215 _a61 с.
_d20
300 _aСост. указаны на обороте тит. л.
606 _aТепловые электрические станции
_xТехнико-экономические показатели
_2psbo
700 1 _aИваненко
_bА. С.
_gАльберт Сергеевич
_4220
701 1 _aКарпинский
_bВ. Н.
_4220
712 0 2 _aУкраинская ССР. Комитет по координации науч.-исслед. работ
801 0 _aRU
_bNLR
_gpsbo
801 1 _aRU
_bELAR
_2rusmarc
852 _aNLR
_j63-4/1100
942 _cBOOK
980 _aNB